Pozícia metrológie a merania pre podporu kvality výrobkov
Medzi často diskutované problémy v organizáciách patrí pozícia metrológie a jej vlastnosti. Prax vyžaduje, aby potreby organizácie, požiadavky zákona a požiadavky zákazníkov neboli v rozpore. Celkovo je zodpovedný a kvalifikovaný prístup k uplatňovaniu a dodržovaniu metrologických zásad a pravidiel...
Salvato in:
| Autore principale: | |
|---|---|
| Altri autori: | |
| Natura: | Capitolo di libro |
| Lingua: | slovacco |
| Soggetti: | |
| Tags: |
Nessun Tag, puoi essere il primo ad aggiungerne!!
|
MARC
| LEADER | 00000nla$a2200000$$$4500 | ||
|---|---|---|---|
| 001 | 0079816 | ||
| 005 | 20231106113506.2 | ||
| 041 | 0 | |a slo | |
| 044 | |a SK | ||
| 245 | 1 | 0 | |a Pozícia metrológie a merania pre podporu kvality výrobkov |c Marcela Pavlíčková, Gabriela Bogdanovská |
| 520 | |a Medzi často diskutované problémy v organizáciách patrí pozícia metrológie a jej vlastnosti. Prax vyžaduje, aby potreby organizácie, požiadavky zákona a požiadavky zákazníkov neboli v rozpore. Celkovo je zodpovedný a kvalifikovaný prístup k uplatňovaniu a dodržovaniu metrologických zásad a pravidiel v organizáciách životne dôležitý, ale nie všetky spoločnosti sa tým riadia. Prezentácia modelu systému manažérstva merania a jeho zlepšenia. Jednonosť a správnosť meradiel. Metrológia z pohľadu zákazníka. | ||
| 610 | 2 | 0 | |a riadenie kvality |
| 610 | 2 | 0 | |a metrológia |
| 610 | 2 | 0 | |a systém riadenia kvality |
| 610 | 2 | 0 | |a kvalita výrobkov |
| 610 | 2 | 0 | |a zákazníci |
| 100 | 1 | |a Pavlíčková, Marcela | |
| 700 | 1 | |a Bogdanovská, Gabriela | |